000 nam a22 7a 4500
999 _c30230
_d30230
008 190508b xxu||||| |||| 00| 0 eng d
020 _a9780853984788
050 _aBP 75 .B3 1976
100 _aBalyuzi, H.M.
245 _aMuhammad and the course of islam /
_cH.M. Balyuzi.
260 _a46 high street,kidlington,oxford :
_bGeorge Ronald publisher ltd ,
_c1978.
300 _axviii, 457p. :
_c22cm.
500 _aInclude index.
650 _a MuḼammad, Prophet,
_v632.
650 _a Islamic Empire
_vHistory.
942 _2lcc
_cBOOKS
_hBP 75 .B3 1976